| 000 | 00580nam a2200193Ia 4500 | ||
|---|---|---|---|
| 003 | OSt | ||
| 005 | 20260211104959.0 | ||
| 008 | 210210b1929 xxu||||| |||| 00| 0 eng d | ||
| 040 | _cAL | ||
| 041 | _aKannada | ||
| 082 | _a852/326 | ||
| 100 |
_aNAYAK (Ve B) _9159161 _dನಾಯಕ್ (ವೆ ಬಿ ) |
||
| 245 |
_aHindudeshada Shasana Paddhati _bಹಿಂದೂ ದೇಶದ ಶಾಸನ ಪದ್ಧತಿ |
||
| 260 |
_aDhAravADa _b- _c1929 |
||
| 650 |
_a British Shasana Paddhati Sahita _9159162 |
||
| 690 |
_aKannada Prose _9159163 |
||
| 906 | _a018896 | ||
| 942 |
_2ddc _cBK |
||
| 999 |
_c142692 _d142692 |
||